Privatizácia, alebo, Kolíkové právo vo Vysokých Tatrách?

Bibliographic Details
Main Author: Jamba, Roman (Author)
Format: Article
Language:Slovak
ISSN:0862-5999
Subjects:

MARC

LEADER 00000nab a2200000 a 4500
001 vtls009530853
003 SK-MaSNL
005 20260303061233.0
008 140422c2009 xo |||||| | ||00 b|slo
015 |a SNBRB2009/06  |2 snkbucl 
038 |a SNKBUCL 
040 |a SNKBUCL  |b slo  |c SNKBUCL  |e AACR2 
041 0 |a slo 
044 |a xo  |c SK 
080 |a 338.246.025.88  |x (437.6)  |2 2001 
080 |a 353.2  |x (437.6)  |2 2001 
080 |a 347.232.1  |x (437.6)  |2 2001 
080 |a 908(437.6)  |2 2001 
100 1 |a Jamba, Roman  |4 aut  |9 1055139 
245 1 0 |a Privatizácia, alebo, Kolíkové právo vo Vysokých Tatrách?  |c Roman Jamba 
650 0 7 |a privatizácia  |2 SNKPH  |9 2343 
650 0 7 |a majetkové reštitúcie  |2 SNKPH  |9 1608 
651 7 |a Vysoké Tatry (Slovensko : mesto)  |2 SNKPHgeo  |9 176366 
651 7 |a Štrba (Slovensko)  |2 SNKPHgeoŠtrba  |9 56257 
773 0 |t Literárny (dvoj)týždenník  |g Roč. XXII, č. 19-20 (2009), s. 5  |x 0862-5999 
852 |a SNK  |b KIS3GCP 
999 |c 1734839  |d 1736769